000 00358nam a2200145Ia 4500
008 230711s9999||||xx |||||||||||||| ||und||
041 _aENG
082 _a720
_bHO-M
100 _aHoyt Charles King
245 0 _aMore places for people
250 _a1st
260 _c1983
_aNew York
_bTata McGraw Hill Education Limited
650 _aArchitecture
942 _cBK
999 _c325
_d325